000 00317nam a2200133Ia 4500
008 260604s9999 xx 000 0 und d
020 _a9781835351598
082 _a158.1 ANP
100 _aJean p.
_935676
245 0 _aPsychology: Study of Principles
260 _bEd-Tech Press
500 _aPsychology
942 _cBK
999 _c8500
_d8500